NWA | WCW | WWE United States Champions: Sudden Death - Statistics

General Stats
  • This quiz has been taken 329 times
  • The average score is 7 of 16
Answers on the Grid
Answers color-coded by a green-red scale on the quiz's grid according to % correct below.
Andrade
Austin Theory
Bam Bam Bigelow
Big Show
Blackjack Mulligan
Brian Pillman
Buff Bagwell
Butch Reed
Curt Hennig
Davey Boy Smith
Dean Ambrose
Diamond Dallas Page
Drew McIntyre
Dustin Rhodes
Eddie Guerrero
Jake Roberts
Jay Youngblood
Jim Duggan
Kane
Kevin Owens
Kofi Kingston
Lance Storm
Ricochet
Rikishi
Ron Simmons
Scott Norton
Steve Austin
Stevie Ray
Tommy Rich
Wahoo McDaniel
 
Answer Stats
Answer % Correct
Austin Theory
77%
Dean Ambrose
65%
Andrade
63%
Big Show
60%
Eddie Guerrero
50%
Kevin Owens
50%
Diamond Dallas Page
48%
Kofi Kingston
46%
Steve Austin
46%
Ricochet
39%
Curt Hennig
38%
Dustin Rhodes
35%
Lance Storm
31%
Blackjack Mulligan
28%
Wahoo McDaniel
26%
Jim Duggan
24%
No matching quizzes found
Score Distribution
Percent of People with Each Score
Percentile by Number Answered
Your Score History
You have not taken this quiz